| 000 | 01065nam a22002537a 4500 | ||
|---|---|---|---|
| 001 | 36733 | ||
| 003 | BD-RjUL | ||
| 005 | 20211209052530.0 | ||
| 008 | 140826s2004 bg p|||| |||| 00| 0 ben d | ||
| 020 | _c: Tk.180.00 | ||
| 035 | _a(BD-RjUL) 36835 | ||
| 040 |
_aBD-RjUL _bben _cBD-RjUL _dBD-RjUL |
||
| 041 | _aben | ||
| 082 |
_a301.7 _bRAS 2004 |
||
| 100 |
_aরহমান, এ এইচ এম মোস্তাফিজুর _9112047 |
||
| 245 | 1 | 0 |
_aসমাজ ও সম্প্রদায় = Societies and Communities / _cএ এইচ এম মোস্তাফিজুর রহমান, মো. ইকবাল হুসাইন |
| 260 |
_aঢাকা : _bলেখাপড়া, _c২০০৪. |
||
| 300 |
_a[৪],৩৬৭ পৃ. : _bচিত্র ; _c২২ সেমি. |
||
| 500 | _a"মেজর কোর্স:102" | ||
| 650 |
_aসমাজবিজ্ঞান _9112048 |
||
| 650 |
_aSociology _9112049 |
||
| 700 |
_a হুসাইন, মো: ইকবাল, যুগ্ম লেখক _9112050 |
||
| 942 |
_2ddc _cBK _01 |
||
| 999 |
_c36733 _d36733 |
||